<?xml version="1.0" encoding="UTF-8"?>
<record
    xmlns:xsi="http://www.w3.org/2001/XMLSchema-instance"
    xsi:schemaLocation="http://www.loc.gov/MARC21/slim http://www.loc.gov/standards/marcxml/schema/MARC21slim.xsd"
    xmlns="http://www.loc.gov/MARC21/slim">

  <leader>00592    a2200205   4500</leader>
  <controlfield tag="003">OSt</controlfield>
  <controlfield tag="005">20230322092132.0</controlfield>
  <controlfield tag="008">220726b2012    mx  |||f |||| 001 0 spa d</controlfield>
  <datafield tag="020" ind1=" " ind2=" ">
    <subfield code="a">9786071713568</subfield>
  </datafield>
  <datafield tag="040" ind1=" " ind2=" ">
    <subfield code="c">CHAP</subfield>
  </datafield>
  <datafield tag="082" ind1="0" ind2="4">
    <subfield code="a">639.8</subfield>
    <subfield code="b">G64</subfield>
    <subfield code="2">22</subfield>
  </datafield>
  <datafield tag="100" ind1="1" ind2=" ">
    <subfield code="9">48694</subfield>
    <subfield code="a">Gonz&#xE1;lez Arguinzones, Ubaldo</subfield>
  </datafield>
  <datafield tag="245" ind1="1" ind2="0">
    <subfield code="a">Acuacultura /</subfield>
    <subfield code="c">por Ubaldo Gonz&#xE1;lez Arguinzones</subfield>
  </datafield>
  <datafield tag="264" ind1=" " ind2="1">
    <subfield code="a">M&#xE9;xico:</subfield>
    <subfield code="b">Trillas,</subfield>
    <subfield code="c">2012.</subfield>
  </datafield>
  <datafield tag="300" ind1=" " ind2=" ">
    <subfield code="a">208 p&#xE1;ginas.</subfield>
  </datafield>
  <datafield tag="504" ind1=" " ind2=" ">
    <subfield code="a">Incluye &#xED;ndice y bibliograf&#xED;a</subfield>
  </datafield>
  <datafield tag="650" ind1=" " ind2="2">
    <subfield code="9">139911</subfield>
    <subfield code="a">Acuacultura</subfield>
    <subfield code="x">Producci&#xF3;n </subfield>
  </datafield>
  <datafield tag="650" ind1=" " ind2="2">
    <subfield code="9">145776</subfield>
    <subfield code="a">Agropiscicultura</subfield>
  </datafield>
  <datafield tag="942" ind1=" " ind2=" ">
    <subfield code="2">ddc</subfield>
    <subfield code="c">LIBRO</subfield>
  </datafield>
  <datafield tag="999" ind1=" " ind2=" ">
    <subfield code="c">217329</subfield>
    <subfield code="d">217329</subfield>
  </datafield>
  <datafield tag="952" ind1=" " ind2=" ">
    <subfield code="0">0</subfield>
    <subfield code="1">0</subfield>
    <subfield code="2">ddc</subfield>
    <subfield code="4">0</subfield>
    <subfield code="5">2</subfield>
    <subfield code="7">0</subfield>
    <subfield code="8">GRAL</subfield>
    <subfield code="a">BC</subfield>
    <subfield code="b">BC</subfield>
    <subfield code="c">PP_GRAL</subfield>
    <subfield code="d">2023-03-10</subfield>
    <subfield code="l">1</subfield>
    <subfield code="o">639.8 G64</subfield>
    <subfield code="p">33724002566842</subfield>
    <subfield code="r">2025-11-24 13:31:07</subfield>
    <subfield code="s">2025-11-12</subfield>
    <subfield code="t">c.2</subfield>
    <subfield code="w">2023-03-10</subfield>
    <subfield code="y">LIBRO</subfield>
  </datafield>
  <datafield tag="952" ind1=" " ind2=" ">
    <subfield code="0">0</subfield>
    <subfield code="1">0</subfield>
    <subfield code="2">ddc</subfield>
    <subfield code="4">0</subfield>
    <subfield code="5">2</subfield>
    <subfield code="7">0</subfield>
    <subfield code="8">GRAL</subfield>
    <subfield code="a">BC</subfield>
    <subfield code="b">BC</subfield>
    <subfield code="c">PP_GRAL</subfield>
    <subfield code="d">2023-03-10</subfield>
    <subfield code="l">1</subfield>
    <subfield code="o">639.8 G64</subfield>
    <subfield code="p">33724002566801</subfield>
    <subfield code="r">2025-02-04 19:16:32</subfield>
    <subfield code="s">2025-01-20</subfield>
    <subfield code="w">2023-03-10</subfield>
    <subfield code="y">LIBRO</subfield>
  </datafield>
</record>
